Le fou de l´ ile
Spremljeno u:
| Glavni autor: | |
|---|---|
| Format: | Knjiga |
| Jezik: | Undetermined |
| Izdano: |
Montreal, Canadá
Fides
1962
|
| Izdanje: | 2 |
| Teme: | |
| Oznake: |
Dodaj oznaku
Bez oznaka, Budi prvi tko označuje ovaj zapis!
|
MARC
| LEADER | 00000nam a2200000Ia 4500 | ||
|---|---|---|---|
| 008 | 170316s9999 xx 000 0 und d | ||
| 040 | |a cru BVZT | ||
| 090 | |a 818 L-14f | ||
| 100 | |a Leclerc, Félix | ||
| 245 | |a Le fou de l´ ile | ||
| 250 | |a 2 | ||
| 260 | |a Montreal, Canadá | ||
| 260 | |b Fides | ||
| 260 | |c 1962 | ||
| 300 | |a 215 páginas | ||
| 650 | |a LITERATURA CANADIENSE | ||
| 942 | |c 15 D | ||
| 999 | |c 6508 |d 6508 | ||
